000 00376nam a2200145Ia 4500
005 20240529015221.0
008 240331s9999 xx 000 0 und d
082 _bANA
_a339.46
100 _aMarga Institute
245 3 _aAn analytical description of poverty in Sri Lanka
260 _aColombo
_bMerga Institute
_c1981
300 _a185 p .,
650 _aEconomy
942 _cL
999 _c2671
_d2671